000 00259nam a22001217a 4500
008 170526b xxu||||| |||| 00| 0 eng d
041 _aeng
080 _a621
100 _a25
101 _aIM
245 _aENGINEERING MECHANICS
_cHUANG,T.C
942 _2udc
_cBK
999 _c14313
_d14313